00000000nam 2200000zi 4500
0019.947173
003CaOODSP
00520250121090916
006m     o  d f      
007cr mn|||||||||
008250121s2003    oncb    o    f000 0 fre d
020 |a0662670418 |q(imprimé)
040 |aCaOODSP|bfre|erda|cCaOODSP
0410 |aeng|afre
043 |an-cn---|an-cn-on
0861 |aSE3-23/2-2002-PDF|zSE3-23/2-2002
1102 |aCommission de délimitation des circonscriptions électorales fédérales pour l'Ontario (Canada)|eauteur, |eorganisme de publication.
24510|aReport of the Federal Electoral Boundaries Commission for Ontario = |bRapport de la Commission de délimitation des circonscriptions électorales fédérales pour l'Ontario.
24611|aRapport de la Commission de délimitation des circonscriptions électorales fédérales pour l'Ontario
264 1|a[Ottawa] : |bÉlections Canada, |c[2003]
300 |a1 ressource en ligne (129 pages) : |bcartes en couleur
336 |atexte|btxt|2rdacontent/fre
337 |ainformatique|bc|2rdamedia/fre
338 |aressource en ligne|bcr|2rdacarrier/fre
500 |a« Représentation fédérale 2004. »
500 |a« Ontario 2003. »
500 |aÉdition numérisée de l'imprimée [par Direction des publications du gouvernement du Canada].
546 |aTexte en anglais et en français.
61016|aCanada. |bParlement|xCirconscriptions électorales.
650 6|aCirconscriptions électorales|zOntario.
650 6|aRépartition des sièges|zCanada.
7102 |aÉlections Canada, |eorganisme de publication.
7760#|tRapport de la Commission de délimitation des circonscriptions électorales fédérales pour l'Ontario.|w(CaOODSP)9.664292
788 |tReport of the Federal Electoral Boundaries Commission for Ontario = |eeng|w(CaOODSP)9.947170
85640|qPDF|s135.00 Mo|uhttps://publications.gc.ca/collections/collection_2025/elections/SE3-23-2-2002.pdf